000 00304nam a22001337a 4500
008 170612b xxu||||| |||| 00| 0 eng d
020 _a2900582438230
041 _aeng
080 _a32
100 _a19
101 _aSHP
245 _aCOMPARATIVE POLITICS AN INTRODUCTION
_cCALVERT,P
942 _2udc
_cBK
999 _c16978
_d16978